000
00252nam a22001097a 4500
020
_a
0716704390
100
_a
JACOBS HAROLD R.
245
_a
MATHEMATICS: A human Endeavor
260
_a
USA
_b
W.H FREEMAN & CO.
_c
1970
300
_a
528
_b
ill
942
_c
BK
999
_c
251912
_d
251911